000 00486nam a22001577a 4500
003 macl
005 20190820114938.0
008 190820b xxu||||| |||| 00| 0 eng d
040 _cmacl
082 _a891.433/DEV/N
100 _aदेवी ,महाश्‍वेता
_976195
245 _aउम्रकैद
260 _aदिल्‍ली
_bपाैराणिक पब्लिकेशन
_c2017
650 _aउपन्‍यास
_976344
942 _2ddc
_cHIN
999 _c60804
_d60804